000 00295nam a22001217a 4500
008 231205b |||||||| |||| 00| 0 eng d
100 _aR.C. Khera
245 _aCivil Court Rulings Vol.III
260 _aDelhi
_bCivil Court Ruling
_c1995
300 _a896
546 _aEnglish
942 _2ddc
_cBK
999 _c20320
_d20320